| 000 -LEADER |
| fixed length control field |
00473cam a22001457a 4500 |
| 008 - FIXED-LENGTH DATA ELEMENTS--GENERAL INFORMATION |
| fixed length control field |
180718b1997 xxu||||| |||| 00| 0 eng d |
| 082 ## - DEWEY DECIMAL CLASSIFICATION NUMBER |
| Classification number |
O32 K56 |
| 100 ## - MAIN ENTRY--PERSONAL NAME |
| Personal name |
Kim, Aehyung |
| 245 ## - TITLE STATEMENT |
| Title |
Health and labor productivity: the economic impact of Onchocercal skin disease |
| Statement of responsibility, etc. |
by Aehyung Kim... [et.al] |
| 260 ## - PUBLICATION, DISTRIBUTION, ETC. |
| Place of publication, distribution, etc. |
Washington, D.C. |
| Name of publisher, distributor, etc. |
World Bank |
| Date of publication, distribution, etc. |
1997 |
| 300 ## - PHYSICAL DESCRIPTION |
| Extent |
12p. |
| 440 ## - SERIES STATEMENT/ADDED ENTRY--TITLE |
| Title |
Policy research and working paper 1836 |
| 650 ## - SUBJECT ADDED ENTRY--TOPICAL TERM |
| Topical term or geographic name entry element |
Onchocerciasis |
| 650 ## - SUBJECT ADDED ENTRY--TOPICAL TERM |
| Topical term or geographic name entry element |
Skin diaseases |